000
00399nam a2200133Ia 4500
008
151001s9999||||xx |||||||||||||| ||und||
100
_a
सोपान गाडे
245
_a
महाराष्ट्रातील महिलाराज
250
_a
1
260
_b
आविस्कार पब्लिशर्स
260
_c
2008
300
_a
216
365
_b
21
999
_c
992155
_d
992152